La Cama - Lunay, Myke Towers - Estadísticas

Estadísticas generales
  • Esta prueba ha sido intentada 38 veces
  • La puntuación promedio es 315 de 447
Estadísticas de respuestas
Letra % Correcto
a
100%
cama
86%
con
86%
contigo
86%
de
86%
Dejar
86%
dejar
86%
e
86%
es
86%
La
86%
la
86%
las
86%
lo
86%
Lo
86%
los
86%
mojadas
86%
Mojadas
86%
o
86%
que
86%
Que
86%
quiero
86%
rompe
86%
romper
86%
sa
86%
sábanas
86%
sabanas
86%
to
86%
Y
86%
y
86%
Yo
86%
yo
86%
ahí
71%
al
71%
AP
71%
Aún
71%
Baby
71%
baby
71%
bellaquear
71%
cada
71%
Cada
71%
camino
71%
canción
71%
coge
71%
cual
71%
dejaré
71%
desnudo
71%
después
71%
dice
71%
dos
71%
eh
71%
Eh
71%
el
71%
en
71%
er
71%
eres
71%
esta
71%
Ey
71%
ey
71%
figura
71%
fotos
71%
ganas
71%
Gatúbela
71%
humeda
71%
judo
71%
le
71%
Lu
71%
Lunay
71%
71%
71%
matemo
71%
mi
71%
Myke
71%
nadie
71%
No
71%
no
71%
nos
71%
nublo
71%
oh
71%
Pa
71%
pa
71%
per
71%
Pero
71%
Pide
71%
Por
71%
por
71%
pose
71%
rompemo
71%
rumbo
71%
Se
71%
se
71%
71%
si
71%
soy
71%
su
71%
súbela
71%
te
71%
tengo
71%
tira
71%
Towers
71%
71%
71%
tu
71%
tus
71%
ver
71%
Ver
71%
veras
71%
video
71%
alante
57%
atrá
57%
cazarte
57%
cuarto
57%
descubre
57%
escapemo
57%
hasta
57%
haya
57%
Hublot
57%
humo
57%
llego
57%
mai
57%
Marte
57%
pai
57%
podemo
57%
polvo
57%
Practicar
57%
principal
57%
rastro
57%
salí
57%
siempre
57%
trae
57%
tuyo
57%
ubi
57%
un
57%
Viajando
57%
yeah
57%
Yeah
57%
as
43%
bajando
43%
carretera
43%
Easy
43%
escuchando
43%
Kingz
43%
maltratarte
43%
mándame
43%
Mándame
43%
Me
43%
Money
43%
perree
43%
problema
43%
sabes
43%
tigo
43%
toa
43%
Tócate
43%
todas
43%
ya
43%
yeh
43%
Yeh
43%
Young
43%
Adicta
29%
alterno
29%
bellaquera
29%
Candy
29%
Chris
29%
Como
29%
Dímelo
29%
Dulce
29%
Gaby
29%
Music
29%
Nino
29%
podere
29%
sistema
29%
Tiene
29%
una
29%
eché
14%
Épico
14%
escapa
14%
Jaja
14%
Jeday
14%
maestría
14%
noche
14%
mino
0%
No se encontraron pruebas coincidentes
Distribución de puntuación
Porcentaje de gente con cada puntuación
Porcentaje por número respondido
Historial de tus puntuaciones
No has intentado esta prueba.